000 01030cad a22002055a 4500
001 L154995
008 120215e20120213xxk f 000 0 eng d
035 _a(Sirsi) u154995
041 0 _aeng
110 2 _aMarkit
_95915
245 0 0 _aFastest rate of contraction in activity in three months as new orders fall
_h[electronic resource]
260 _c2012
490 _aUlster Bank Construction PMI Report News Release
_v13 February 2012
520 _aAfter stabilising at the end of 2011, Irish construction activity fell again at the start of 2012 as new business returned to contraction territory; jobs continued to be cut sharply in the sector; and firms lowered their purchasing activity at the weakest pace since January 2011 in the Republic of Ireland.
590 _aKA
651 4 _aIreland (Republic of)
_y
690 _aConstruction management
_96230
856 4 0 _uhttps://www.markiteconomics.com/MarkitFiles/Pages/ViewPressRelease.aspx?ID=9170
_zView this item free of charge at www.markiteconomics.com
942 _n0
999 _c113275
_d113275